[Event "4NCL Team Rapidplay"]
[Site "Daventry"]
[Date "2013.10.05"]
[Round "1.1"]
[White "Hunt, Peter"]
[Black "Piper, Matthew"]
[Result "0-1"]
[WhiteElo "2072"]
[BlackElo "2362"]
[PlyCount "40"]
[EventDate "2013.10.05"]
[EventType "team-swiss (rapid)"]
[EventRounds "7"]
[EventCountry "ENG"]
[WhiteTeam "MK Phoenix"]
[BlackTeam "Barbican"]
[WhiteTeamCountry "ENG"]
[BlackTeamCountry "ENG"]

1. e4 e5 2. Nf3 Nc6 3. Nc3 Nf6 4. Bb5 Bc5 5. O-O O-O 6. d3 d6 7. h3 h6 8. Na4
Bb6 9. Nxb6 axb6 10. Bxc6 bxc6 11. b3 c5 12. Bb2 Nh7 13. Qd2 f5 14. exf5 Bxf5
15. a4 Bxh3 16. Nxe5 dxe5 17. gxh3 Ng5 18. Qe3 Qd5 19. c4 Qc6 20. Rfd1 Rae8 0-1

[Event "4NCL Team Rapidplay"]
[Site "Daventry"]
[Date "2013.10.05"]
[Round "1.2"]
[White "Cox, John"]
[Black "Freeman, Richard"]
[Result "1-0"]
[WhiteElo "2387"]
[BlackElo "2030"]
[PlyCount "127"]
[EventDate "2013.10.05"]
[EventType "team-swiss (rapid)"]
[EventRounds "7"]
[EventCountry "ENG"]
[WhiteTeam "Barbican"]
[BlackTeam "MK Phoenix"]
[WhiteTeamCountry "ENG"]
[BlackTeamCountry "ENG"]
[TimeControl "900+180"]
[WhiteClock "0:02:15"]
[BlackClock "0:00:37"]

1. d4 g6 2. e4 d6 3. c3 Bg7 4. Nf3 Nf6 5. Nbd2 O-O 6. Be2 Nc6 7. O-O e5 8. Re1
Nh5 9. dxe5 dxe5 10. Nc4 Be6 11. Ng5 Nf4 12. Nxe6 Nxe6 13. Qxd8 Raxd8 14. Be3
Nf4 15. Bf1 Rd7 16. Red1 Rfd8 17. Rxd7 Rxd7 18. g3 Ne6 19. Bh3 a6 20. Kf1 Rd8
21. a4 h6 22. Bxe6 fxe6 23. b4 Kf7 24. b5 Nb8 25. Ke2 Nd7 26. bxa6 bxa6 27. Rb1
Rb8 28. Rxb8 Nxb8 29. Kd3 Nc6 30. Nd2 Ke7 31. Nb3 Nb8 32. Kc4 Kd7 33. Ba7 Nc6
34. Be3 Nb8 35. Nc5+ Kd6 36. g4 g5 37. f3 Bf8 38. Bc1 Ke7 39. Be3 Kd6 40. Nd3
Bg7 41. Ba7 Nc6 42. Bc5+ Kd7 43. Ba3 Na5+ 44. Kb4 Nc6+ 45. Kb3 Na5+ 46. Kc2 Nc4
47. Bb4 a5 48. Bc5 Kc6 49. Bf2 Nd6 50. Kb3 Nc8 51. Nc5 Kd6 52. Nb7+ Kd7 53.
Nxa5 Ne7 54. Bc5 Ng6 55. Bf2 Nf4 56. Nc4 Nd3 57. Bg3 Nc5+ 58. Kb4 Nd3+ 59. Kb5
Nf4 60. Bxf4 exf4 61. e5 Bf8 62. a5 c6+ 63. Kb6 Be7 64. a6 1-0

[Event "4NCL Team Rapidplay"]
[Site "Daventry"]
[Date "2013.10.05"]
[Round "1.3"]
[White "Adebajo, Olufemi"]
[Black "Rogers, Jonathan"]
[Result "0-1"]
[WhiteElo "1971"]
[BlackElo "2307"]
[PlyCount "80"]
[EventDate "2013.10.05"]
[EventType "team-swiss (rapid)"]
[EventRounds "7"]
[EventCountry "ENG"]
[WhiteTeam "MK Phoenix"]
[BlackTeam "Barbican"]
[WhiteTeamCountry "ENG"]
[BlackTeamCountry "ENG"]
[TimeControl "900+155"]
[WhiteClock "0:02:29"]
[BlackClock "0:05:18"]

1. e4 c5 2. Nc3 e6 3. Nf3 Nc6 4. Bb5 Nge7 5. O-O a6 6. Bxc6 Nxc6 7. e5 d5 8. d3
Be7 9. Re1 b5 10. Ne2 d4 11. Ng3 Qc7 12. Qe2 Bb7 13. Bg5 O-O 14. Bxe7 Nxe7 15.
Ng5 h6 16. Nh3 Ng6 17. f4 Rae8 18. Qg4 c4 19. Rac1 Qa5 20. a3 Qd2 21. Qe2 Qxe2
22. Rxe2 Rc8 23. dxc4 bxc4 24. f5 d3 25. fxg6 dxe2 26. gxf7+ Rxf7 27. Nxe2 Rc5
28. Nd4 Rxe5 29. c3 Re3 30. Nf2 e5 31. Ne6 Re2 32. Rf1 Bd5 33. Nc5 a5 34. h3
Rxb2 35. Na4 Rd2 36. Nb6 Be6 37. Ne4 Rxf1+ 38. Kxf1 Ra2 39. a4 Rb2 40. Na8 Bd5
0-1

[Event "4NCL Team Rapidplay"]
[Site "Daventry"]
[Date "2013.10.05"]
[Round "1.4"]
[White "Sanders, Isaac"]
[Black "Macdonald-Ross, Michael"]
[Result "1-0"]
[WhiteElo "2269"]
[BlackElo "2128"]
[PlyCount "85"]
[EventDate "2013.10.05"]
[EventType "team-swiss (rapid)"]
[EventRounds "7"]
[EventCountry "ENG"]
[WhiteTeam "Barbican"]
[BlackTeam "MK Phoenix"]
[WhiteTeamCountry "ENG"]
[BlackTeamCountry "ENG"]
[TimeControl "900+170"]
[WhiteClock "0:00:33"]
[BlackClock "0:00:37"]

1. e4 d6 2. d4 Nf6 3. Nc3 e5 4. Nge2 Be7 5. g3 Nbd7 6. Bg2 O-O 7. O-O c6 8. a4
Re8 9. Re1 Qc7 10. h3 Bf8 11. Be3 b6 12. f4 Bb7 13. Qd2 Rad8 14. Rad1 a6 15. g4
b5 16. axb5 axb5 17. Ng3 b4 18. Nb1 exd4 19. Bxd4 c5 20. Bf2 Nb6 21. g5 Nfd7
22. b3 Nb8 23. Qc1 d5 24. e5 c4 25. Nd2 Bc5 26. Nf3 Bxf2+ 27. Kxf2 Qc5+ 28. Nd4
Nc6 29. Qe3 Nxd4 30. Qxd4 Qxd4+ 31. Rxd4 Ra8 32. Nf5 Ra2 33. Re2 Ba6 34. bxc4
Bxc4 35. Red2 Rea8 36. Ne3 g6 37. Kg3 b3 38. cxb3 Bxb3 39. Rxa2 Rxa2 40. Rb4
Nc4 41. Rxb3 Nxe3 42. Rxe3 d4 43. Rd3 1-0

[Event "4NCL Team Rapidplay"]
[Site "Daventry"]
[Date "2013.10.05"]
[Round "1.5"]
[White "Jones, Gawain CB"]
[Black "Thompson, Robert"]
[Result "1-0"]
[WhiteElo "2638"]
[BlackElo "1962"]
[PlyCount "49"]
[EventDate "2013.10.05"]
[EventType "team-swiss (rapid)"]
[EventRounds "7"]
[EventCountry "ENG"]
[WhiteTeam "Guildford"]
[BlackTeam "Bristol University"]
[WhiteTeamCountry "ENG"]
[BlackTeamCountry "ENG"]

1. g3 Nf6 2. Bg2 g6 3. e4 d6 4. d4 c5 5. dxc5 Qa5+ 6. Nc3 Qxc5 7. Be3 Qa5 8.
Nge2 Bg7 9. O-O O-O 10. h3 Nc6 11. Nf4 Bd7 12. Qe2 Rab8 13. a3 Rfc8 14. Rfd1 b5
15. Rab1 Ne5 16. Ncd5 Nxd5 17. Nxd5 Kf8 18. Bd4 Rc4 19. c3 f6 20. Qe3 Rb7 21.
Bxe5 fxe5 22. Kh2 Be6 23. Bf1 Rc8 24. Be2 Rc5 25. b4 1-0

[Event "4NCL Team Rapidplay"]
[Site "Daventry"]
[Date "2013.10.05"]
[Round "1.6"]
[White "Meadows, Michael M"]
[Black "Smerdon, David"]
[Result "0-1"]
[WhiteElo "1764"]
[BlackElo "2523"]
[PlyCount "38"]
[EventDate "2013.10.05"]
[EventType "team-swiss (rapid)"]
[EventRounds "7"]
[EventCountry "ENG"]
[WhiteTeam "Bristol University"]
[BlackTeam "Guildford"]
[WhiteTeamCountry "ENG"]
[BlackTeamCountry "ENG"]
[TimeControl "900+140"]
[WhiteClock "0:00:37"]
[BlackClock "0:01:22"]

1. e4 d5 2. d4 dxe4 3. Nc3 Nf6 4. f3 Nbd7 5. fxe4 e5 6. Nf3 exd4 7. Nxd4 Bc5 8.
Be3 O-O 9. Be2 Re8 10. Bf3 Ne5 11. Be2 Neg4 12. Bxg4 Nxg4 13. Bg1 Ne5 14. Nde2
Qh4+ 15. Ng3 Bg4 16. Qd5 Bxg1 17. Rxg1 Rad8 18. Qb5 Qg5 19. Nce2 Nf3+ 0-1

[Event "4NCL Team Rapidplay"]
[Site "Daventry"]
[Date "2013.10.05"]
[Round "1.7"]
[White "Hebden, Mark"]
[Black "Young, Daniel J"]
[Result "1-0"]
[WhiteElo "2548"]
[BlackElo "1755"]
[PlyCount "44"]
[EventDate "2013.10.05"]
[EventType "team-swiss (rapid)"]
[EventRounds "7"]
[EventCountry "ENG"]
[WhiteTeam "Guildford"]
[BlackTeam "Bristol University"]
[WhiteTeamCountry "ENG"]
[BlackTeamCountry "ENG"]
[TimeControl "900+285"]
[WhiteClock "0:09:54"]
[BlackClock "0:01:44"]

1. d4 Nf6 2. Nf3 d5 3. c4 c6 4. e3 e6 5. Bd3 Nbd7 6. b3 Bb4+ 7. Bd2 Bxd2+ 8.
Nbxd2 O-O 9. Qc2 b6 10. cxd5 cxd5 11. Qc6 Rb8 12. O-O Bb7 13. Qa4 a6 14. Qa3 b5
15. Rfc1 Qb6 16. Rc2 Rbc8 17. Rac1 Rxc2 18. Rxc2 Rc8 19. Rxc8+ Bxc8 20. Qe7 h6
21. Ne5 Nf8 22. Qxf7+ Kh8 1-0

[Event "4NCL Team Rapidplay"]
[Site "Daventry"]
[Date "2013.10.05"]
[Round "1.8"]
[White "Wilson, Matthew"]
[Black "Wall, Gavin"]
[Result "0-1"]
[WhiteElo "1797"]
[BlackElo "2333"]
[PlyCount "110"]
[EventDate "2013.10.05"]
[EventType "team-swiss (rapid)"]
[EventRounds "7"]
[EventCountry "ENG"]
[WhiteTeam "Bristol University"]
[BlackTeam "Guildford"]
[WhiteTeamCountry "ENG"]
[BlackTeamCountry "ENG"]
[TimeControl "900+95"]
[WhiteClock "0:04:11"]
[BlackClock "0:13:17"]

1. e4 e5 2. Nf3 d6 3. d3 g6 4. Nc3 Bg7 5. Be2 Ne7 6. O-O O-O 7. Be3 f5 8. Bg5
h6 9. Bxe7 Qxe7 10. Nd5 Qf7 11. c4 c6 12. Nc3 Na6 13. a3 g5 14. b4 Bf6 15. Qb3
g4 16. Nd2 f4 17. Rab1 Kh7 18. b5 Nc5 19. Qc2 Rg8 20. bxc6 bxc6 21. Na4 f3 22.
Bd1 Ne6 23. g3 Nd4 24. Qb2 Qh5 25. Kh1 Qh3 26. Rg1 Rg5 27. Bxf3 Nxf3 28. Rg2
Rh5 29. Nf1 Rg5 30. Nc3 Qh5 31. Qb4 Be7 32. Nd1 Qf7 33. Nde3 d5 34. Qc3 d4 35.
Qc1 dxe3 36. Nxe3 Bc5 37. Qb2 h5 38. Nf5 Bxf5 39. exf5 Rxf5 40. Qc2 Nd4 41. Qd2
Rf8 42. Rf1 Nf3 43. Qc2 Ng5 44. Qb1 Nh3 45. d4 Bxd4 46. f3 Kg7 47. Rb2 Bxb2 48.
Qxb2 Qxc4 49. Re1 Qd5 50. Qb7+ R8f7 51. Qb2 Qxf3+ 52. Qg2 Qf1+ 53. Rxf1 Rxf1+
54. Qxf1 Rxf1+ 55. Kg2 Rg1# 0-1

[Event "4NCL Team Rapidplay"]
[Site "Daventry"]
[Date "2013.10.05"]
[Round "1.1"]
[White "Merry, Alan B"]
[Black "Sowray, Peter J"]
[Result "1-0"]
[WhiteElo "2297"]
[BlackElo "2335"]
[PlyCount "95"]
[EventDate "2013.10.05"]
[EventType "team-swiss (rapid)"]
[EventRounds "7"]
[EventCountry "ENG"]
[WhiteTeam "RSJ"]
[BlackTeam "CSC II"]
[WhiteTeamCountry "ENG"]
[BlackTeamCountry "ENG"]

1. e4 e5 2. Nf3 Nf6 3. Nc3 Nc6 4. Bb5 Bb4 5. O-O O-O 6. Bxc6 dxc6 7. d3 Bd6 8.
Ne2 Bg4 9. Ng3 Nh5 10. Nf5 Qf6 11. h3 Bxf5 12. Bg5 Qe6 13. exf5 Qd7 14. Nh4 Nf4
15. Qg4 f6 16. Bxf4 exf4 17. Nf3 c5 18. Nd2 Rae8 19. Rae1 Re5 20. Rxe5 fxe5 21.
Qf3 b6 22. g4 g6 23. fxg6 hxg6 24. Qe4 Qf7 25. Nf3 Re8 26. Kg2 Kg7 27. b3 Qe6
28. Re1 Be7 29. Qxe5+ Qxe5 30. Rxe5 Kf7 31. g5 Rh8 32. h4 Bd6 33. Re4 b5 34.
Kh3 a5 35. Kg4 a4 36. Ne5+ Kg7 37. bxa4 Ra8 38. axb5 Rxa2 39. Nc4 Rxc2 40. f3
Rg2+ 41. Kh3 Rg3+ 42. Kh2 Rxf3 43. b6 Rxd3 44. bxc7 Bxc7 45. Re7+ Kf8 46. Rxc7
Rc3 47. Rxc5 Ke7 48. Rc6 1-0

[Event "4NCL Team Rapidplay"]
[Site "Daventry"]
[Date "2013.10.05"]
[Round "1.2"]
[White "Connor, Stephen J"]
[Black "Mayhew, Andrew"]
[Result "0-1"]
[WhiteElo "2004"]
[BlackElo "2058"]
[PlyCount "38"]
[EventDate "2013.10.05"]
[EventType "team-swiss (rapid)"]
[EventRounds "7"]
[EventCountry "ENG"]
[WhiteTeam "CSC II"]
[BlackTeam "RSJ"]
[WhiteTeamCountry "ENG"]
[BlackTeamCountry "ENG"]
[TimeControl "900+55"]
[WhiteClock "0:10:18"]
[BlackClock "0:09:08"]

1. e4 e5 2. Nf3 Nc6 3. Bb5 a6 4. Ba4 Nf6 5. O-O Be7 6. Re1 b5 7. Bb3 d6 8. c3
O-O 9. h3 Na5 10. Bc2 c5 11. d4 Nd7 12. Be3 Nc4 13. Bc1 Bb7 14. b3 Ncb6 15. Be3
Qc7 16. d5 f5 17. Bg5 Nf6 18. Bxf6 Bxf6 19. Ng5 Bxg5 0-1

[Event "4NCL Team Rapidplay"]
[Site "Daventry"]
[Date "2013.10.05"]
[Round "1.3"]
[White "Snape, Ian L"]
[Black "Foley, John P"]
[Result "1-0"]
[WhiteElo "2218"]
[BlackElo "2018"]
[PlyCount "81"]
[EventDate "2013.10.05"]
[EventType "team-swiss (rapid)"]
[EventRounds "7"]
[EventCountry "ENG"]
[WhiteTeam "RSJ"]
[BlackTeam "CSC II"]
[WhiteTeamCountry "ENG"]
[BlackTeamCountry "ENG"]
[TimeControl "900+160"]
[WhiteClock "0:07:12"]
[BlackClock "0:01:07"]

1. e4 c6 2. d4 d5 3. e5 Bf5 4. h4 h5 5. Bg5 Qb6 6. Bd3 Bxd3 7. Qxd3 e6 8. Nd2
c5 9. c3 Nc6 10. Ngf3 Rc8 11. dxc5 Bxc5 12. O-O a5 13. a4 Nge7 14. Qb5 O-O 15.
Nb3 Qxb5 16. axb5 Nxe5 17. Nxe5 f6 18. Nxc5 Rxc5 19. Nd7 Rxb5 20. Nxf8 Kxf8 21.
Bc1 Nc6 22. f4 Kf7 23. Ra2 g6 24. Be3 Ke7 25. b4 axb4 26. cxb4 d4 27. Bd2 e5
28. fxe5 fxe5 29. Bg5+ Ke6 30. Rf6+ Kd5 31. Rxg6 Rxb4 32. g4 e4 33. gxh5 Ne5
34. Rg7 Nf3+ 35. Kf2 Rb1 36. h6 Rh1 37. h7 Nxg5 38. hxg5 Rh2+ 39. Kg3 Rxa2 40.
h8=Q Ra3+ 41. Kg4 1-0

[Event "4NCL Team Rapidplay"]
[Site "Daventry"]
[Date "2013.10.05"]
[Round "1.4"]
[White "Sainbayar, Anuurai"]
[Black "Talsma, Paul"]
[Result "0-1"]
[WhiteElo "1686"]
[BlackElo "2192"]
[PlyCount "57"]
[EventDate "2013.10.05"]
[EventType "team-swiss (rapid)"]
[EventRounds "7"]
[EventCountry "ENG"]
[WhiteTeam "CSC II"]
[BlackTeam "RSJ"]
[WhiteTeamCountry "ENG"]
[BlackTeamCountry "ENG"]

1. c4 f5 2. Nc3 Nf6 3. g3 g6 4. Bg2 Bg7 5. d3 d6 6. Nf3 O-O 7. O-O Nc6 8. a3 a5
9. Rb1 Nh5 10. Ne1 f4 11. Nc2 e5 12. b4 axb4 13. axb4 fxg3 14. fxg3 Bg4 15. b5
Nd4 16. Nxd4 exd4 17. Nd5 Rxf1+ 18. Qxf1 Qd7 19. Nf4 Rf8 20. Qe1 Nxf4 21. Bxf4
Re8 22. Rb2 Qf5 23. Be4 Rxe4 24. dxe4 Qxe4 25. Qf2 d3 26. exd3 Qxd3 27. Rc2 Bd4
28. Be3 Bxe3 29. Ra2 0-1

[Event "4NCL Team Rapidplay"]
[Site "Daventry"]
[Date "2013.10.05"]
[Round "1.5"]
[White "Carpenter, Dai"]
[Black "Maroroa, Sue"]
[Result "0-1"]
[WhiteElo "1983"]
[BlackElo "2130"]
[PlyCount "44"]
[EventDate "2013.10.05"]
[EventType "team-swiss (rapid)"]
[EventRounds "7"]
[EventCountry "ENG"]
[WhiteTeam "West in Best"]
[BlackTeam "Oxford"]
[BlackTeamCountry "ENG"]
[TimeControl "900+200"]
[WhiteClock "0:00:22"]
[BlackClock "0:05:17"]

1. Nf3 Nf6 2. g3 e6 3. Bg2 d5 4. O-O Be7 5. d3 O-O 6. Nbd2 Nbd7 7. e4 dxe4 8.
dxe4 Nb6 9. Qe2 Nfd7 10. Rd1 Qe8 11. Nc4 Nxc4 12. Qxc4 c6 13. Be3 Bf6 14. c3 e5
15. Qa4 Qe7 16. h4 Re8 17. h5 h6 18. Qc4 Nb6 19. Qf1 Bg4 20. Rd2 Bxh5 21. Ne1
Rad8 22. Rxd8 Rxd8 0-1

[Event "4NCL Team Rapidplay"]
[Site "Daventry"]
[Date "2013.10.05"]
[Round "1.6"]
[White "Healey, Michael W"]
[Black "Richardt, Mike"]
[Result "1-0"]
[WhiteElo "2091"]
[BlackElo "1967"]
[PlyCount "55"]
[EventDate "2013.10.05"]
[EventType "team-swiss (rapid)"]
[EventRounds "7"]
[EventCountry "ENG"]
[WhiteTeam "Oxford"]
[BlackTeam "West in Best"]
[WhiteTeamCountry "ENG"]

1. e4 e5 2. Nf3 d6 3. Nc3 Nf6 4. h3 Be7 5. d3 O-O 6. g4 c6 7. Bg2 Nbd7 8. O-O
Qc7 9. Nh2 b5 10. a3 Nc5 11. f4 exf4 12. Bxf4 Ne6 13. Bg3 Bb7 14. Nf3 a5 15.
Ne2 c5 16. Qd2 Qb6 17. Rae1 Rad8 18. Kh2 h6 19. Nh4 Rfe8 20. Nf5 Bf8 21. Nxh6+
gxh6 22. Rxf6 Bg7 23. Ref1 Rd7 24. Rxh6 Bxh6 25. Qxh6 Nf8 26. Nf4 Qd8 27. Nh5
Ne6 28. Nf6+ 1-0

[Event "4NCL Team Rapidplay"]
[Site "Daventry"]
[Date "2013.10.05"]
[Round "2.1"]
[White "Healey, Michael W"]
[Black "Jones, Gawain CB"]
[Result "0-1"]
[WhiteElo "2091"]
[BlackElo "2638"]
[PlyCount "54"]
[EventDate "2013.10.05"]
[EventType "team-swiss (rapid)"]
[EventRounds "7"]
[EventCountry "ENG"]
[WhiteTeam "Oxford"]
[BlackTeam "Guildford"]
[WhiteTeamCountry "ENG"]
[BlackTeamCountry "ENG"]

1. e4 d6 2. Nc3 c5 3. Nf3 Nf6 4. e5 dxe5 5. Nxe5 Nbd7 6. Nc4 a6 7. a4 Qc7 8. d3
g6 9. Qf3 Bg7 10. Be2 O-O 11. O-O Ne5 12. Qg3 Nfd7 13. Nd5 Qd8 14. Bg5 f6 15.
Bf4 e6 16. Bxe5 Nxe5 17. Ndb6 Nxc4 18. Nxa8 Na5 19. c3 f5 20. Ra3 f4 21. Qf3
Bd7 22. Qe4 Qxa8 23. Bg4 Kh8 24. Re1 Qc8 25. h4 Nc6 26. h5 Ne5 27. Bd1 Bc6 0-1

[Event "4NCL Team Rapidplay"]
[Site "Daventry"]
[Date "2013.10.05"]
[Round "2.2"]
[White "Smerdon, David"]
[Black "Maroroa, Sue"]
[Result "1-0"]
[WhiteElo "2523"]
[BlackElo "2130"]
[PlyCount "101"]
[EventDate "2013.10.05"]
[EventType "team-swiss (rapid)"]
[EventRounds "7"]
[EventCountry "ENG"]
[WhiteTeam "Guildford"]
[BlackTeam "Oxford"]
[WhiteTeamCountry "ENG"]
[BlackTeamCountry "ENG"]
[TimeControl "900+160"]
[WhiteClock "0:00:37"]
[BlackClock "0:00:17"]

1. e4 c5 2. Nf3 Nc6 3. c3 d5 4. exd5 Qxd5 5. d4 Bf5 6. Be3 cxd4 7. Nxd4 e6 8.
Qb3 Nxd4 9. Bxd4 a6 10. Qxd5 exd5 11. Be2 O-O-O 12. O-O Ne7 13. Nd2 Nc6 14. Bb6
Rd7 15. Nb3 Bd6 16. Rfe1 Bc2 17. Rac1 Bxb3 18. axb3 Bc7 19. Bc5 f5 20. Red1
Rhd8 21. g3 d4 22. Bc4 b6 23. Bxd4 Nxd4 24. cxd4 Rxd4 25. Be6+ Kb7 26. Rxd4
Rxd4 27. Bxf5 g6 28. Be6 Rd2 29. Bg8 h6 30. h4 Bd6 31. Rc3 g5 32. hxg5 hxg5 33.
Rf3 Rxb2 34. Bd5+ Kc8 35. Rf7 Bc5 36. Kf1 a5 37. f4 gxf4 38. gxf4 Kd8 39. f5
Ke8 40. Be6 Be7 41. Rh7 Bc5 42. Ke1 Rf2 43. Rc7 Rf4 44. Ke2 a4 45. bxa4 Rxa4
46. Kf3 Rb4 47. Rd7 Be7 48. Ra7 Rd4 49. Ke3 Rb4 50. Ra8+ Bd8 51. f6 1-0

[Event "4NCL Team Rapidplay"]
[Site "Daventry"]
[Date "2013.10.05"]
[Round "2.3"]
[White "Dickinson, Tim"]
[Black "Hebden, Mark"]
[Result "0-1"]
[WhiteElo "2122"]
[BlackElo "2548"]
[PlyCount "94"]
[EventDate "2013.10.05"]
[EventType "team-swiss (rapid)"]
[EventRounds "7"]
[EventCountry "ENG"]
[WhiteTeam "Oxford"]
[BlackTeam "Guildford"]
[WhiteTeamCountry "ENG"]
[BlackTeamCountry "ENG"]
[TimeControl "900+180"]
[WhiteClock "0:00:30"]
[BlackClock "0:03:07"]

1. d4 Nf6 2. Nf3 g6 3. Nc3 d5 4. Bg5 Ne4 5. Qd3 Nxg5 6. Nxg5 e5 7. Qg3 f6 8.
Nf3 e4 9. Nd2 c6 10. f4 exf3 11. gxf3 Bd6 12. f4 O-O 13. e3 Na6 14. Bd3 Qe7 15.
a3 Nc7 16. O-O-O Kh8 17. h4 Bf5 18. h5 Bxd3 19. cxd3 g5 20. Rde1 Rae8 21. Qg4
b5 22. f5 b4 23. axb4 Bxb4 24. e4 Bxc3 25. bxc3 Qa3+ 26. Kc2 Nb5 27. Nb1 Qa2+
28. Kc1 Na3 29. Nxa3 Qxa3+ 30. Kd2 Qb2+ 31. Ke3 dxe4 32. Rc1 exd3+ 33. Kxd3
Qb5+ 34. Kd2 Qc4 35. h6 c5 36. Rh3 cxd4 37. cxd4 Qb4+ 38. Rcc3 Rd8 39. Rhd3 Rd5
40. Qe4 Rfd8 41. Ke3 Qd6 42. Rc4 Qf8 43. Qh1 Rxf5 44. d5 Qd6 45. Ke2 Kg8 46.
Rcd4 Rc8 47. Qb1 Qh2+ 0-1

[Event "4NCL Team Rapidplay"]
[Site "Daventry"]
[Date "2013.10.05"]
[Round "2.4"]
[White "Wall, Gavin"]
[Black "Riley, Adrian K"]
[Result "0-1"]
[WhiteElo "2333"]
[BlackElo "1632"]
[PlyCount "52"]
[EventDate "2013.10.05"]
[EventType "team-swiss (rapid)"]
[EventRounds "7"]
[EventCountry "ENG"]
[WhiteTeam "Guildford"]
[BlackTeam "Oxford"]
[WhiteTeamCountry "ENG"]
[BlackTeamCountry "ENG"]
[TimeControl "900+180"]
[WhiteClock "0:04:54"]
[BlackClock "0:02:47"]

1. e4 c6 2. d4 d5 3. f3 Nh6 4. Bxh6 gxh6 5. Nc3 e6 6. Qd2 Nd7 7. O-O-O Bg7 8.
Nge2 O-O 9. g4 Qh4 10. Ng3 Bf6 11. e5 Bg5 12. f4 Be7 13. Rg1 Kh8 14. Nh5 f5 15.
h3 Rg8 16. Qe2 a6 17. Rd3 b5 18. Rdg3 Bb7 19. Qf3 Rad8 20. gxf5 Rxg3 21. Nxg3
Rf8 22. f6 Bd8 23. Nh5 Bxf6 24. exf6 Nxf6 25. Nxf6 Rxf6 26. Ne2 Qe1# 0-1

[Event "4NCL Team Rapidplay"]
[Site "Daventry"]
[Date "2013.10.05"]
[Round "2.5"]
[White "Piper, Matthew"]
[Black "Pein, Malcolm"]
[Result "1/2-1/2"]
[WhiteElo "2362"]
[BlackElo "2371"]
[PlyCount "108"]
[EventDate "2013.10.05"]
[EventType "team-swiss (rapid)"]
[EventRounds "7"]
[EventCountry "ENG"]
[WhiteTeam "Barbican"]
[BlackTeam "CSC"]
[WhiteTeamCountry "ENG"]
[BlackTeamCountry "ENG"]

1. e4 c5 2. Nc3 e6 3. g3 Nc6 4. Bg2 a6 5. Nge2 b5 6. O-O Bb7 7. d4 cxd4 8. Nxd4
Qc7 9. Re1 Be7 10. a3 d6 11. Nxc6 Qxc6 12. Qg4 h5 13. Qe2 h4 14. Be3 Nf6 15.
Rad1 hxg3 16. hxg3 Rc8 17. Rd2 Qc4 18. Qxc4 Rxc4 19. Rd4 Rc7 20. Rd2 Ng4 21.
Bd4 Ne5 22. Bxe5 dxe5 23. Na2 O-O 24. Red1 Rfc8 25. c3 Kf8 26. Nb4 Ke8 27. Nd3
Bg5 28. f4 exf4 29. gxf4 Be7 30. e5 Bxg2 31. Kxg2 Rd8 32. Nb4 Rxd2+ 33. Rxd2 a5
34. Nc2 g5 35. Kf3 Rc4 36. Rd4 Rc5 37. Ke4 gxf4 38. Ne1 f6 39. Nd3 fxe5 40.
Nxc5 exd4 41. Nxe6 dxc3 42. bxc3 Kd7 43. Nd4 Bxa3 44. Nxb5 Bc1 45. Nd4 a4 46.
Kd3 Kd6 47. Kc4 a3 48. Kb3 Kd5 49. Ne2 f3 50. c4+ Ke4 51. Ng3+ Kd4 52. Nf5+ Kc5
53. Ng3 f2 54. Nf1 Bf4 1/2-1/2

[Event "4NCL Team Rapidplay"]
[Site "Daventry"]
[Date "2013.10.05"]
[Round "2.6"]
[White "Lunn, Matthew"]
[Black "Cox, John"]
[Result "0-1"]
[WhiteElo "2045"]
[BlackElo "2387"]
[PlyCount "76"]
[EventDate "2013.10.05"]
[EventType "team-swiss (rapid)"]
[EventRounds "7"]
[EventCountry "ENG"]
[WhiteTeam "CSC"]
[BlackTeam "Barbican"]
[WhiteTeamCountry "ENG"]
[BlackTeamCountry "ENG"]
[TimeControl "900+205"]
[WhiteClock "0:01:04"]
[BlackClock "0:01:47"]

1. d4 d5 2. c4 c6 3. Nf3 Nf6 4. Nbd2 g6 5. e3 Bg7 6. Bd3 O-O 7. O-O Nbd7 8. h3
c5 9. b3 b6 10. Bb2 Bb7 11. cxd5 Nxd5 12. a3 Rc8 13. Rc1 a6 14. Nb1 cxd4 15.
Rxc8 Qxc8 16. Bxd4 e5 17. Bb2 Re8 18. Bc4 Qc6 19. Qd2 b5 20. Be2 Nc5 21. Qc2 f6
22. Rc1 Rc8 23. Nbd2 Qe6 24. Qd1 Bf8 25. Nf1 Nb6 26. N1d2 Nd5 27. Nf1 Ne4 28.
Rxc8 Qxc8 29. Bd3 Nec3 30. Qc2 Be7 31. N1d2 Qc6 32. Ne4 Nxe4 33. Qxc6 Bxc6 34.
Bxe4 Kf7 35. Kf1 Nxe3+ 36. fxe3 Bxe4 37. Nd2 Bd3+ 38. Kf2 Ke6 0-1

[Event "4NCL Team Rapidplay"]
[Site "Daventry"]
[Date "2013.10.05"]
[Round "2.7"]
[White "Rogers, Jonathan"]
[Black "Chan, Nevil"]
[Result "1-0"]
[WhiteElo "2307"]
[BlackElo "2027"]
[PlyCount "98"]
[EventDate "2013.10.05"]
[EventType "team-swiss (rapid)"]
[EventRounds "7"]
[EventCountry "ENG"]
[WhiteTeam "Barbican"]
[BlackTeam "CSC"]
[WhiteTeamCountry "ENG"]
[BlackTeamCountry "ENG"]
[TimeControl "900+90"]
[WhiteClock "0:05:29"]

1. d4 Nc6 2. Nf3 d5 3. g3 Bg4 4. Nbd2 Nf6 5. Bg2 e6 6. O-O Bd6 7. c4 O-O 8. Qc2
Bf5 9. Qa4 Qd7 10. b3 Nb4 11. Qxd7 Nxd7 12. Bb2 Nf6 13. Nh4 Bg6 14. a3 Na6 15.
Rac1 c6 16. Rfe1 Rad8 17. Nxg6 hxg6 18. b4 Nc7 19. Nb3 dxc4 20. Rxc4 Nb5 21.
Na5 Rb8 22. e4 Nd7 23. e5 Be7 24. Nxb7 Nb6 25. Rcc1 Rxb7 26. Bxc6 Rfb8 27. Bxb5
Nd5 28. Bc6 Rb6 29. Bxd5 exd5 30. Rc7 R8b7 31. Rec1 a5 32. Rc8+ Kh7 33. Re8
axb4 34. Rcc8 g5 35. axb4 Bxb4 36. Bc1 Kg6 37. h3 Kf5 38. Be3 Ke4 39. Rc1 Kf3
40. Bxg5 Ba5 41. Ra8 Rb5 42. Rac8 Rb2 43. Be3 Bd2 44. Bxd2 Rxd2 45. Re1 Rb3 46.
e6 Rxf2 47. exf7 Kxg3 48. f8=Q Rg2+ 49. Kf1 Rb5 1-0

[Event "4NCL Team Rapidplay"]
[Site "Daventry"]
[Date "2013.10.05"]
[Round "2.8"]
[White "Staples, Daniel"]
[Black "Sanders, Isaac"]
[Result "1-0"]
[WhiteElo "1972"]
[BlackElo "2269"]
[PlyCount "84"]
[EventDate "2013.10.05"]
[EventType "team-swiss (rapid)"]
[EventRounds "7"]
[EventCountry "ENG"]
[WhiteTeam "CSC"]
[BlackTeam "Barbican"]
[WhiteTeamCountry "ENG"]
[BlackTeamCountry "ENG"]
[TimeControl "900+70"]
[WhiteClock "0:03:10"]
[BlackClock "0:00:54"]

1. d4 Nf6 2. Nf3 e6 3. Bg5 c5 4. e3 Be7 5. c3 b6 6. Nbd2 Bb7 7. Be2 O-O 8. O-O
d6 9. b4 Nbd7 10. Qb3 h6 11. Bh4 Qc7 12. Rfc1 Rfc8 13. Qb2 Rab8 14. a4 Bf8 15.
h3 Ne4 16. Nxe4 Bxe4 17. Nd2 Bh7 18. Bg3 f5 19. dxc5 bxc5 20. b5 Nf6 21. Bf3 c4
22. Qa2 Ne4 23. Bh2 Rb7 24. Qc2 Qf7 25. Nxe4 fxe4 26. Bxe4 Bxe4 27. Qxe4 d5 28.
Qf4 Qg6 29. Qg4 Qxg4 30. hxg4 Kf7 31. Be5 Be7 32. f4 Bf6 33. Bxf6 gxf6 34. Kf2
e5 35. g3 Rd7 36. Rh1 Kg7 37. Rad1 Rcd8 38. Rh5 d4 39. exd4 exd4 40. cxd4 Rxd4
41. Rxd4 Rxd4 42. Rc5 c3 1-0